Building technology (Record no. 104778)

MARC details
000 -LEADER
fixed length control field 01398cam a2200253 4500
001 - CONTROL NUMBER
control field ##L131514
008 - FIXED-LENGTH DATA ELEMENTS--GENERAL INFORMATION
fixed length control field 051110n2005 000 0 eng u
020 ## - INTERNATIONAL STANDARD BOOK NUMBER
International Standard Book Number 1904388566
035 ## - SYSTEM CONTROL NUMBER
System control number (Sirsi) u131514
041 0# - LANGUAGE CODE
Language code of text/sound track or separate title eng
050 04 - LIBRARY OF CONGRESS CALL NUMBER
Classification number eng
110 2# - MAIN ENTRY--CORPORATE NAME
Corporate name or jurisdiction name as entry element College of Estate Management
9 (RLIN) 400
245 00 - TITLE STATEMENT
Title Building technology
Remainder of title high rise structured and framebuilding
260 ## - PUBLICATION, DISTRIBUTION, ETC.
Place of publication, distribution, etc. Reading
Name of publisher, distributor, etc. College of Estate Management
Date of publication, distribution, etc. 2005
300 ## - PHYSICAL DESCRIPTION
Extent 1
Type of unit v. (loose-leaf)
Other physical details ill.
Dimensions 31cm.
350 ## - PRICE (NR) (BK AM CF MU VM SE) [OBSOLETE]
Price 125
490 ## - SERIES STATEMENT
Series statement College of Estate Management Distance Learning Study Material for Licensed Home Inspectors
Volume/sequential designation LH12
505 2# - FORMATTED CONTENTS NOTE
Formatted contents note Futher foundations -- Framed buildings -- The cladding of buildings -- Roofs and roof finishes -- Walls and partitions -- The construction of stairs -- Fire technology -- Provision for services in buildings -- Heating systems -- Ventilation --Thermal comfort -- An overview of building control in England and Wales.
520 ## - SUMMARY, ETC.
Summary, etc. Aimed at those seeking to qualify as a home inspector this distance learning pack considers each building element in turn, including building services. The building control system in England and Wales is also discussed. A table of contents is provided for each of the 12 study papers includes. Gives lists of expected learning outcomes.
590 ## - LOCAL NOTE (RLIN)
Local note IKA170106
690 ## - LOCAL SUBJECT ADDED ENTRY--TOPICAL TERM (OCLC, RLIN)
Topical term or geographic name as entry element BUILT ENVIRONMENT-BUILDING ELEMENTS
942 ## - ADDED ENTRY ELEMENTS (KOHA)
Suppress in OPAC 0
Holdings
Withdrawn status Lost status Source of classification or shelving scheme Damaged status Not for loan Home library Current library Shelving location Date acquired Cost, normal purchase price Total Checkouts Full call number Barcode Date last seen Date last checked out Copy number Cost, replacement price Price effective from Koha item type
    Dewey Decimal Classification     London London Enquiry desk 17/01/2006 125.00 6 ENQUIRY DESK 30071897 06/08/2019 09/09/2008 6 125.00 06/08/2019 Audio